Statistiques concernant Clips de Bigflo et Oli en image

Cliquez ici pour prendre le quiz!

Statistiques générales

  • Ce quiz a été pris 397 fois
  • Le résultat moyen est 8 sur 12

Statistiques - réponses

Réponse% Correct
Dommage
97%
Pour un Pote
89%
Sur la Lune
77%
Coup de Vieux
75%
Sacré Bordel
69%
Bienvenue chez Moi
62%
Nous Aussi
62%
Bons Eleves
60%
Promesses
57%
Le Son préféré de mes Potes
56%
La Vraie Vie
54%
Aujourd'hui
35%

Distribution des résultats

Percentile par nombre de réponses

% des personnes avec chaque résultat

Votre développement - résultats

Vous n’avez pas pris ce quiz